Historia de los hermanos espirituales y otros frutos modernistas de la religiosidad vernácula salvodoreña/
Sábháilte in:
| Príomhchruthaitheoir: | |
|---|---|
| Formáid: | LEABHAR |
| Teanga: | Spanish |
| Clibeanna: |
Cuir clib leis
Níl clibeanna ann, Bí ar an gcéad duine le clib a chur leis an taifead seo!
|
MARC
| LEADER | 00000nam a22000007a 4500 | ||
|---|---|---|---|
| 003 | cru CIDCACS/IIS | ||
| 005 | 20210819102024.0 | ||
| 007 | ta | ||
| 008 | 180221s2016 cr |||||r||||||0| ||spa|d | ||
| 040 | |c cru CIDCACS/IIS | ||
| 100 | 1 | |a García Espada, Antonio |9 6682 | |
| 245 | 1 | |a Historia de los hermanos espirituales y otros frutos modernistas de la religiosidad vernácula salvodoreña/ |c Antonio García Espada | |
| 300 | |a páginas 261-294 | ||
| 500 | |a Colección Centroamérica | ||
| 773 | 0 | |0 18765 |9 1811 |a Universidad de Costa Rica |d San José, Costa Rica: Editorial Universidad de Costa Rica, 1974- |o 18831 |t Anuario de Estudios Centroaméricanos / |x 03777316 | |
| 942 | |2 ddc |c PP | ||
| 999 | |c 41041 |d 41041 | ||
